<?xml version="1.0" encoding="UTF-8"?><?xml-stylesheet type="text/xsl" href="static/style.xsl"?><OAI-PMH xmlns="http://www.openarchives.org/OAI/2.0/" xmlns:xsi="http://www.w3.org/2001/XMLSchema-instance" xsi:schemaLocation="http://www.openarchives.org/OAI/2.0/ http://www.openarchives.org/OAI/2.0/OAI-PMH.xsd"><responseDate>2026-06-29T02:38:41Z</responseDate><request verb="GetRecord" identifier="oai:docta.ucm.es:20.500.14352/130699" metadataPrefix="marc">https://docta.ucm.es/rest/oai/request</request><GetRecord><record><header><identifier>oai:docta.ucm.es:20.500.14352/130699</identifier><datestamp>2026-01-22T01:20:51Z</datestamp><setSpec>com_20.500.14352_14</setSpec><setSpec>col_20.500.14352_15</setSpec></header><metadata><record xmlns="http://www.loc.gov/MARC21/slim" xmlns:dcterms="http://purl.org/dc/terms/" xmlns:xsi="http://www.w3.org/2001/XMLSchema-instance" xmlns:doc="http://www.lyncode.com/xoai" xsi:schemaLocation="http://www.loc.gov/MARC21/slim http://www.loc.gov/standards/marcxml/schema/MARC21slim.xsd">
   <leader>00925njm 22002777a 4500</leader>
   <datafield ind2=" " ind1=" " tag="042">
      <subfield code="a">dc</subfield>
   </datafield>
   <datafield ind2=" " ind1=" " tag="720">
      <subfield code="a">Nagore Ferrer, María</subfield>
      <subfield code="e">author</subfield>
   </datafield>
   <datafield ind2=" " ind1=" " tag="260">
      <subfield code="c">2022</subfield>
   </datafield>
   <datafield ind2=" " ind1=" " tag="520">
      <subfield code="a">Este artículo analiza la situación de las mujeres que se dedican a la música en España en el primer tercio del siglo XX, momento en el que se empiezan a conquistar espacios reservados hasta entonces mayoritariamente a los hombres. El texto trata aspectos como la consideración social de las mujeres compositoras, la incipiente conquista de la esfera pública en el ámbito musical y el papel de las mujeres en el ámbito de la interpretación.</subfield>
   </datafield>
   <datafield ind1="8" ind2=" " tag="024">
      <subfield code="a">Nagore Ferrer, María. Mujeres y música en la época de Clara Campoamor. En: Clara Campoamor Rodríguez, mujer y ciudadana (1888-1972). Rosa Mª Capel Martínez (dir.). Madrid, Ministerio de la Presidencia, Relaciones con las Cortes y Memoria Democrática, Acción Cultural Española (AC/E), Biblioteca Nacional de España, 2022, 194-211.</subfield>
   </datafield>
   <datafield ind1="8" ind2=" " tag="024">
      <subfield code="a">978-84-17265-33-5</subfield>
   </datafield>
   <datafield ind1="8" ind2=" " tag="024">
      <subfield code="a">https://hdl.handle.net/20.500.14352/130699</subfield>
   </datafield>
   <datafield ind1="8" ind2=" " tag="024">
      <subfield code="a">https://cpage.mpr.gob.es/producto/clara-campoamor-rodriguez/</subfield>
   </datafield>
   <datafield ind2="0" ind1="0" tag="245">
      <subfield code="a">Mujeres y música en la época de Clara Campoamor</subfield>
   </datafield>
</record></metadata></record></GetRecord></OAI-PMH>